Yoga education / (Record no. 102498)

MARC details
000 -LEADER
fixed length control field 00972nam a22002417a 4500
005 - DATE AND TIME OF LATEST TRANSACTION
control field 20180310104136.0
010 ## - LCCN (DPL NO)
LC control number 1617EN ENG-117599
020 ## - INTERNATIONAL STANDARD BOOK NUMBER
International Standard Book Number 9788175248045
Terms of availability 700.00
035 ## - SYSTEM CONTROL NUMBER
System control number EN-101131
035 ## - SYSTEM CONTROL NUMBER
System control number B-648037-044
035 ## - SYSTEM CONTROL NUMBER
System control number B-663978
037 ## - SOURCE OF ACQUISITION
Source of stock number/acquisition PBD
Stock number DBAD/PUB
037 ## - SOURCE OF ACQUISITION
Source of stock number/acquisition DPL
082 ## - DEWEY DECIMAL CLASSIFICATION NUMBER
Classification number 613.7046
100 ## - MAIN ENTRY--PERSONAL NAME
Personal name Chavan, Uday
245 ## - TITLE STATEMENT
Title Yoga education /
Statement of responsibility, etc by Uday Chavan
260 ## - PUBLICATION, DISTRIBUTION, ETC. (IMPRINT)
Place of publication, distribution, etc New Delhi
Name of publisher, distributor, etc Khel Sahitya Kendra
Date of publication, distribution, etc 2016
270 ## - ADDRESS
Address 7/26, Ansari Raod, Daryaganj
City New Delhi
Postal code 110002
300 ## - PHYSICAL DESCRIPTION
Extent 248p.
Other physical details 22cm(HB)
942 ## - ADDED ENTRY ELEMENTS (KOHA)
Source of classification or shelving scheme Dewey Decimal Classification
Item type English Books
Classification part 613.7046
Call number suffix CHA
Holdings
Withdrawn status Lost status Not for loan Collection code Home library Current library Date acquired Source of acquisition Cost, normal purchase price Full call number Barcode Copy number Cost, replacement price Koha item type
      Non-fiction Ashok Vihar Ashok Vihar 10/03/2018 PBD/0080/16-17/27.2.2017/EN/AV/468/15.2.2017/1.3.2017 700.00 613.7046 CHA B-663978 1 700.00 English Books
    Not For Loan Non-fiction D.B.Act.Division Bawana 24/03/2017 DBAD/PUB 700.00 613.7046CHA EN-101131 1 700.00 English Books
      Non-fiction Central Library Central Library 29/03/2017 BPPD/EN/2016-17/302/24.11.2016/265/29.11.2016/2.1.2017 700.00 613.7046 CHA B-648037 1 700.00 English Books
      Non-fiction Janak Puri Janak Puri 29/03/2017 BPPD/EN/2016-17/302/24.11.2016/265/29.11.2016/2.1.2017 700.00 613.7046 CHA B-648041 1 700.00 English Books
      Non-fiction Karol Bagh Karol Bagh 29/03/2017 BPPD/EN/2016-17/302/24.11.2016/265/29.11.2016/2.1.2017 700.00 613.7046 CHA B-648043 1 700.00 English Books
      Non-fiction Kasturba Gandhi Marg Kasturba Gandhi Marg 29/03/2017 BPPD/EN/2016-17/302/24.11.2016/265/29.11.2016/2.1.2017 700.00 613.7046 CHA B-648040 1 700.00 English Books
      Non-fiction New Police Line New Police Line 29/03/2017 BPPD/EN/2016-17/302/24.11.2016/265/29.11.2016/2.1.2017 700.00 613.7046 CHA B-648038 1 700.00 English Books
      Non-fiction Patel Nagar Patel Nagar 29/03/2017 BPPD/EN/2016-17/302/24.11.2016/265/29.11.2016/2.1.2017 700.00 613.7046 CHA B-648039 1 700.00 English Books
      Non-fiction Sarojini Nagar Sarojini Nagar 29/03/2017 BPPD/EN/2016-17/302/24.11.2016/265/29.11.2016/2.1.2017 700.00 613.7046 CHA B-648042 1 700.00 English Books
      Non-fiction Shahdara Branch Shahdara Branch 29/03/2017 BPPD/EN/2016-17/302/24.11.2016/265/29.11.2016/2.1.2017 700.00 613.7046 CHA B-648044 1 700.00 English Books

© Delhi Public Library
Hit Counter
free hit counter